LIBRARY ONLINE CATALOGUE

The life we never expected : (Record no. 21737)

MARC details
000 -LEADER
fixed length control field 01524cam a2200349 i 4500
001 - CONTROL NUMBER
control field 18661294
005 - DATE AND TIME OF LATEST TRANSACTION
control field 20260630161739.0
008 - FIXED-LENGTH DATA ELEMENTS--GENERAL INFORMATION
fixed length control field 150616s2016 ilu b 001 0deng
010 ## - LIBRARY OF CONGRESS CONTROL NUMBER
LC control number 2015023864
020 ## - INTERNATIONAL STANDARD BOOK NUMBER
International Standard Book Number 9781433550997
020 ## - INTERNATIONAL STANDARD BOOK NUMBER
Canceled/invalid ISBN 9781433551024 (ePub)
020 ## - INTERNATIONAL STANDARD BOOK NUMBER
Canceled/invalid ISBN 9781433551000 (PDF)
020 ## - INTERNATIONAL STANDARD BOOK NUMBER
Canceled/invalid ISBN 9781433551017 (Mobipocket)
035 ## - SYSTEM CONTROL NUMBER
System control number 18661294
040 ## - CATALOGING SOURCE
Original cataloging agency DLC
Language of cataloging eng
Transcribing agency DLC
Description conventions rda
Modifying agency DLC
042 ## - AUTHENTICATION CODE
Authentication code pcc
050 00 - LIBRARY OF CONGRESS CALL NUMBER
Classification number BV4596.P35
Item number W55 2016
082 00 - DEWEY DECIMAL CLASSIFICATION NUMBER
Classification number 248.8/61989285882
Edition number 23
100 1# - MAIN ENTRY--PERSONAL NAME
Personal name Wilson, Andrew,
Dates associated with a name 1978-
245 14 - TITLE STATEMENT
Title The life we never expected :
Remainder of title hopeful reflections on the challenges of parenting children with special needs /
Statement of responsibility, etc. Andrew and Rachel Wilson ; foreword by Russell D. Moore.
300 ## - PHYSICAL DESCRIPTION
Extent 152 pages ;
Dimensions 21 cm
504 ## - BIBLIOGRAPHY, ETC. NOTE
Bibliography, etc Includes bibliographical references and index.
650 #0 - SUBJECT ADDED ENTRY--TOPICAL TERM
Topical term or geographic name as entry element Parenting
General subdivision Religious aspects
-- Christianity.
650 #0 - SUBJECT ADDED ENTRY--TOPICAL TERM
Topical term or geographic name as entry element Child rearing
General subdivision Religious aspects
-- Christianity.
650 #0 - SUBJECT ADDED ENTRY--TOPICAL TERM
Topical term or geographic name as entry element Parents of children with disabilities.
650 #0 - SUBJECT ADDED ENTRY--TOPICAL TERM
Topical term or geographic name as entry element Autism in children
General subdivision Religious aspects
-- Christianity.
776 08 - ADDITIONAL PHYSICAL FORM ENTRY
Relationship information Online version:
Main entry heading Wilson, Andrew, 1978-
Title Life we never expected
Place, publisher, and date of publication Wheaton : Crossway, 2016
International Standard Book Number 9781433551000
Record control number (DLC) 2016009296
583 ## - ACTION NOTE
Action Cataloguing:
Time/date of action 20260630
Action agent mketermketer
906 ## - LOCAL DATA ELEMENT F, LDF (RLIN)
a 7
b cbc
c orignew
d 1
e ecip
f 20
g y-gencatlg
942 ## - ADDED ENTRY ELEMENTS (KOHA)
Source of classification or shelving scheme Library of Congress Classification
Koha item type General Collection
Holdings
Withdrawn status Lost status Source of classification or shelving scheme Not for loan Home library Current library Shelving location Date acquired Source of acquisition Inventory number Total Checkouts Full call number Barcode Date last seen Copy number Price effective from Koha item type
    Library of Congress Classification   Kabarak, Main Campus Kabarak, Main Campus General Stacks 30/06/2026 Donation 2026/3999   BV4596.P35 W55 2016 C.1 38197 30/06/2026 C.1 30/06/2026 General Collection